00225nam a2200085Ia 4500008004100000100001700041245003900058260001700097650002500114190216s9999||||xx |||||||||||||| ||und|| aTharakan K M 0aMalayala Novel Sahithya Charithram bNbs Kottayam aMalayalam Charithram